00640nam a22001937a 4500999001900000005001700019010001500036020002600051035001400077037001300091082001200104100001900116245004200135260003600177270006700213300002000280942002600300952012000326 c174345d17434520200610112112.0 aENG-128176 c850.00a9788189412777 aEN-111708 bDBAD/PUB a301.153 aHeena Tabassum aSocial Problems/cby Heena Tabassum  aDelhibAvishkar Prakashanc2018 aL-20/13, Street No.5 Shivaji Marg, Kartar NagarbDelhie110053 a288p.c23cm(hb) 2ddccENh301.153mTAB 001040708NFICaLbLd2020-06-10eDBAD/PUBg850.00l0o301.153 TABpEN-111708r2020-06-10 00:00:00t1v850.00yEN